| 000 | 01950cam a2200289 a 4500 | ||
|---|---|---|---|
| 003 | OSt | ||
| 005 | 20200921123853.0 | ||
| 008 | 090611s2007 ck abd r 000 0 spa d | ||
| 020 | _a9789584422477 | ||
| 040 |
_aCO-BoPUJ _cCO-JMCR |
||
| 041 | 0 | _aspa | |
| 082 | 0 | 4 |
_a333.75153 / _bB533r _223 |
| 100 | 1 |
_aBerrío Moreno, Jorge, _eautor _910569 |
|
| 245 | 1 | 3 |
_aLa reforestación en Colombia _bvisión de futuro _cJorge Berrío Moreno, Alfondo Davíla Ortiz, Victor Giraldo Toro ; prólogo Alejandra Ospitia Murcia, [otros 5]. |
| 260 |
_aBogotá : _bFedemaderas : _bFundación Konrad Adenauer, _c2007. |
||
| 300 |
_a130 páginas : _bilustraciones, cuadros y mapas ; _c24 cm. |
||
| 504 | _aIncluye referencias bibliográficas páginas 130. | ||
| 505 | 0 |
_tAcerca de la historia y el estado actual de la reforestación comercial en Colombia. / _rJorge Berrío Moreno. -- _tUna aventura forestal de medio siglo. / _rAlfonso Dávila Ortiz -- _tBeneficios sociales de las plantaciones forestales y su potencial para aportar a la construcción de la paz. / _rVictor Giraldo Toro. -- _tEl impacto ambiental de las plantaciones forestales. / _rRaúl Jaime Hernández Restrepo. -- _t¿Puede la humanidad proveerse de productos forestales con base solamente en sus plantaciones? / _rEnrique Camacho Montamoros. -- _tFinanciamiento en el sector forestal. / _rDiego Lozano Cifuentes. -- _tIncentivos forestales en Brasil y Chile. / _rOctavio López Gómez. -- _tIncentivos para la reforestación comercial en Colombia. / _rIsrael Acosta contreras. |
|
| 650 | 1 | 4 |
_aForestación _zColombia _910570 |
| 650 | 2 | 4 |
_aExplotación forestal _zColombia _910571 |
| 650 | 2 | 4 |
_aConservación de bosques _zColombia _910572 |
| 700 | 1 |
_aDavila Ortiz, Alfonso, _eautor _910573 |
|
| 700 | 1 |
_aGiraldo Toro, Victor, _eautor _910574 |
|
| 700 | 1 |
_aOspitia Murcia, Alejandra _eprologuista _910575 |
|
| 710 | 2 |
_aFederación Nacional de Industriales de la Madera _910576 |
|
| 942 |
_2ddc _cBK |
||
| 999 |
_c6867 _d6867 |
||